000
00235nam a2200097Ia 4500
008
190216s9999||||xx |||||||||||||| ||und||
100
_a
Raman Namboodiripad
245
0
_a
Granthalaya Shashthram
260
_b
Bhasha Institute
942
_c
BK
999
_c
40425
_d
40425